|
|
|
|
| LEADER |
00000nam a2200000 i 4500 |
| 001 |
DIGUAZUAY0187 |
| 003 |
NyNyDIG |
| 007 |
cr ||||||||||| |
| 008 |
251204s2023 ec a ob 000 0 spa d |
| 006 |
m o d |
| 035 |
|
|
|a (OCoLC)1438859738
|
| 040 |
|
|
|a DGITA
|b eng
|e rda
|e pn
|c DGITA
|
| 020 |
|
|
|a 9789942618719
|q eBook
|
| 020 |
|
|
|z 9789942618702
|
| 043 |
|
|
|a s-ec---
|
| 050 |
1 |
4 |
|a LB2379 ebook
|
| 100 |
1 |
|
|a Calderón González, Priscila,
|e author.
|
| 245 |
1 |
0 |
|a Manual de protocolo y eventos de la Universidad del Azuay /
|c Priscila Calderón González, Natalia Rincón del Valle.
|
| 264 |
|
1 |
|a Cuenca, Ecuador :
|b Universidad del Azuay, Casa Editora,
|c [2023]
|
| 300 |
|
|
|a 1 online resource :
|b illustrations.
|
| 336 |
|
|
|a text
|b txt
|2 rdacontent
|
| 337 |
|
|
|a computer
|b c
|2 rdamedia
|
| 338 |
|
|
|a online resource
|b cr
|2 rdacarrier
|
| 347 |
|
|
|a text file
|2 rdaft
|
| 347 |
|
|
|b PDF
|
| 490 |
1 |
|
|a Homo
|
| 504 |
|
|
|a Includes bibliographical references.
|
| 588 |
0 |
|
|a Online resource; title from PDF title page (Digitalia, viewed December 4, 2025)
|
| 610 |
2 |
0 |
|a Universidad del Azuay.
|
| 650 |
|
0 |
|a Academic etiquette
|z Ecuador.
|
| 700 |
1 |
|
|a Rincón del Valle, Natalia,
|e author.
|
| 791 |
2 |
|
|a Digitalia (Firm),
|e distributor.
|
| 793 |
0 |
|
|g Digitalia eBook Collection:
|a Universidad del Azuay
|
| 776 |
0 |
8 |
|i Print version:
|a Calderón González, Priscila.
|t Manual de protocolo y eventos de la Universidad del Azuay.
|d Cuenca, Ecuador : Universidad del Azuay, Casa Editora, [2023]
|z 9789942618702
|
| 830 |
|
0 |
|a Homo (Universidad del Azuay, Casa Editora)
|
| 856 |
4 |
0 |
|3 Digitalia Hispánica
|u https://www.digitaliapublishing.com/a/133572/
|
| 910 |
|
|
|a Premium collection: 2025
|